Представление документа в формате MARC21

Поле Инд. ПП Название Значение
Тип записи a
Библиографический уровень b
001 Контрольный номер ceda272fc4c14f9d82aa5927d2353a60
005 Дата корректировки 20210908160230.0
024 80 a Стандартный номер 10.1016/j.cplett.2015.08.018
040 a Служба первич. каталог. РИНЦ
041 0_ a Код языка текста eng
097 a Ануфриева Г.Ю.
100 1_ a Автор Urbain F.
100 1_ q Полное имя Смирнов Виталий Анатольевич
g Прочие сведения РИНЦ AuthorID: 98950 (http://elibrary.ru/author_profile.asp?id= 98950); SPIN-код: 6781-1948 (http://elibrary.ru/author_items.asp?authorid=98950);
a Автор Smirnov V.
u Дополнение Смирнов В. А.
c Титул (звания) доктор технических наук
i 100093138
k Кафедра физико-технических систем; Факультет естественных и инженерных наук
100 1_ a Автор Becker J. P.
100 1_ a Автор Rau U.
100 1_ a Автор -
245 10 a Заглавие Solar water splitting with earth-abundant materials using amorphous silicon photocathodes and Al/Ni contacts as hydrogen evolution catalyst
773 18 t Название источника Chemical Physics Letters
b Сведения об издании Elsevier Science Publishing Company, Inc.
c Нидерланды
d Место и дата издания 2015
m Специф. данные входит в Scopus;входит в WoS;входит в ядро РИНЦ;зарубежный журнал;ненулевой импакт-фактор
p Chem. Phys. Lett.
o Прочие индексы wos 1.815, scopus 1.71, ринц -
x ISSN 0009-2614
g Прочая информация V. 638. - P. 25 - 30
q Q2
w Контрольный № источника 310978d408254b5caf2ff564481fb4ed
856 40 u URL https://elibrary.ru/item.asp?id=28499320
901 t Тип документа b
952 c Вид литературы статья в журнале